MARC

LEADER 00000nam0a2200000 4500
001 138275
005 20231031141412.0
010 |a 5279003980 
020 |a RU  |b 91-37125 
035 |a (RuTPU)RU\TPU\book\149836 
090 |a 138275 
100 |a 20080522d1991 m y0rusy5003 ca 
101 0 |a rus 
102 |a RU 
105 |a y z 001zy 
200 1 |a Учет затрат по сферам деятельности  |f Д. У. Ураков 
210 |a Москва  |c Финансы и статистика  |d 1991 
215 |a 176 с. 
320 |a Библиогр.: с. 170-173. 
610 1 |a машиностроительная продукция 
610 1 |a затраты 
610 1 |a учет 
610 1 |a калькуляция 
610 1 |a планирование 
675 |a 621.002:657  |v 3 
700 1 |a Ураков  |b Д. У.  |g Дустмурад Уракович  |4 070 
801 0 |a RU  |b RuMRKP  |c 19950417  |g psbo 
801 1 |a RU  |b 63413507  |c 20080522  |g PSBO 
801 2 |a RU  |b 63413507  |c 20091029  |g PSBO 
900 |a Управление затратами 
942 |c BK